| 000 | 00823nam a2200217 a 4500 | ||
|---|---|---|---|
| 005 | 20240208063711.0 | ||
| 008 | 051109s2004 mx r 000 0 spa d | ||
| 020 | _a9685610207 | ||
| 035 | _aUPN01000141004 | ||
| 049 | _aCG | ||
| 050 | 4 |
_aRC569.5 B6.7 _bL6.6 |
|
| 100 | 1 | _aLópez Garza, David N. | |
| 245 | 1 | 0 |
_aPsicoterapia focalizada en la transferencia para pacientes limítrofes / _cDavid N. López Garza. |
| 260 |
_aMéxico : _bETM : _bAsociación Psicoanálitica Mexicana, _cc2004. |
||
| 300 |
_axvi, 172 p. : _bgrafs., figs., cuadros |
||
| 534 |
_pTraducción de: _tTransference focused psychometric for borderline personality disorders |
||
| 650 | 2 |
_aTrastornos de la personalidad _95295 |
|
| 650 | 4 |
_aPSICOTERAPIA CENTRADA EN EL CLIENTE _95926 |
|
| 650 | 2 |
_aTransferencia (Psicología) _95930 |
|
| 905 | _aLibro | ||
| 999 |
_c113152 _d113152 |
||